LEADER 03938nam 22006131 450 001 9910453440003321 005 20200520144314.0 010 $a1-84969-801-5 035 $a(CKB)2550000001179124 035 $a(EBL)1593855 035 $a(SSID)ssj0001159322 035 $a(PQKBManifestationID)11644274 035 $a(PQKBTitleCode)TC0001159322 035 $a(PQKBWorkID)11113282 035 $a(PQKB)10327174 035 $a(MiAaPQ)EBC1593855 035 $a(CaSebORM)9781849698009 035 $a(PPN)228035090 035 $a(Au-PeEL)EBL1593855 035 $a(CaPaEBR)ebr10825528 035 $a(CaONFJC)MIL559263 035 $a(OCoLC)867821561 035 $a(EXLCZ)992550000001179124 100 $a20140104d2013 uy 0 101 0 $aeng 135 $aur|n|---||||| 181 $ctxt 182 $cc 183 $acr 200 10$aGLSL essentials /$fJacobo Rodriguez 205 $a1st edition 210 1$aBirmingham :$cPackt Publishing,$d2013. 215 $a1 online resource (116 p.) 225 1 $aCommunity experience distilled 300 $aIncludes index. 311 $a1-84969-800-7 311 $a1-306-28012-5 327 $aCover; Copyright; Credits; About the Author; About the Reviewers; www.PacktPub.com; Table of Contents; Preface; Chapter 1: The Graphics Rendering Pipeline; A brief history of graphics hardware; The Graphics Rendering Pipeline; Geometry stages (per-vertex operations); Fragment stages (per-fragment operations); External stages; Differences between fixed and programmable designs; Types of shaders; Vertex shaders; Fragment shaders; Geometry shaders; Compute shaders; GPU, a vectorial and parallel architecture; The shader environment; Summary; Chapter 2: GLSL Basics; The Language; Language basics 327 $aInstructionsBasic types; Variable initializers; Vector and matrix operations; Castings and conversions; Code comments; Flow control; Loops; Structures; Arrays; Functions; Preprocessor; Shader input/output variables; Uniform variables; Other input variables; Shader output variables; Summary; Chapter 3 : Vertex Shaders; Vertex shader inputs; Vertex attributes; Uniform variables; Vertex shader outputs; Drawing a simple geometry sample; Distorting a geometry sample; Using interpolators; Simple lighting; Basic lighting theory; Lighting example code; Summary; Chapter 4: Fragment Shaders 327 $aExecution modelTerminating a fragment shader; Inputs and outputs; Examples; Solid color mesh; Interpolated colored mesh; Using interpolators to compute the texture coordinates; Phong lighting; Summary; Chapter 5: Geometry Shaders; Geometry shaders versus vertex shaders; Inputs and outputs; Interface blocks; Example - pass-thru shader; Example - using attributes in the interface blocks; Crowd of butterflies; Summary; Chapter 6: Compute Shaders; Execution model; Render to texture example; Raw data computations; Summary; Index 330 $aThis book is a practical guide to the OpenGL Shading Language, which contains several real-world examples that will allow you to grasp the core concepts easily and the use of the GLSL for graphics rendering applications.If you want upgrade your skills, or are new to shader programming and want to learn about graphic programming, this book is for you. If you want a clearer idea of shader programming, or simply want to upgrade from fixed pipeline systems to state-of-the-art shader programming and are familiar with any C-based language, then this book will show you what you need to know. 606 $aComputer graphics 606 $aRendering (Computer graphics) 608 $aElectronic books. 615 0$aComputer graphics. 615 0$aRendering (Computer graphics) 700 $aRodriguez$b Jacobo$0967322 801 0$bMiAaPQ 801 1$bMiAaPQ 801 2$bMiAaPQ 906 $aBOOK 912 $a9910453440003321 996 $aGLSL essentials$92195991 997 $aUNINA LEADER 03747nam 22006735 450 001 9910919821503321 005 20251229071111.0 010 $a9783031724862 010 $a3031724860 024 7 $a10.1007/978-3-031-72486-2 035 $a(CKB)37115966000041 035 $a(MiAaPQ)EBC31867638 035 $a(Au-PeEL)EBL31867638 035 $a(OCoLC)1493042953 035 $a(BIP)119692613 035 $a(BIP)115865846 035 $a(DE-He213)978-3-031-72486-2 035 $a(EXLCZ)9937115966000041 100 $a20241231d2024 u| 0 101 0 $aeng 135 $aur||||||||||| 181 $ctxt$2rdacontent 182 $cc$2rdamedia 183 $acr$2rdacarrier 200 10$aHuman-Centred Technology Management for a Sustainable Future $eVolume 1: Human-Centred Technology Approaches, Proceedings of the 33rd IAMOT Conference, Porto, Portugal, 2024 /$fedited by Ricardo Zimmermann, José Coelho Rodrigues, Ana Simoes, Gustavo Dalmarco 205 $a1st ed. 2024. 210 1$aCham :$cSpringer Nature Switzerland :$cImprint: Springer,$d2024. 215 $a1 online resource (306 pages) 225 1 $aSpringer Proceedings in Business and Economics,$x2198-7254 311 08$a9783031724855 311 08$a3031724852 327 $aChapter 1: Creating the human capital for the Fourth Industrial Revolution epoch and beyond: perspectives for the manufacturing companies -- Chapter 2: Enhancing learning engagement through creative design: a case on Chemical engineering training -- Chapter 3: Assessment of the Impact of the Deployment of Manual Accreditation Application Systems by Sector Education and Training Authorities Government Agency on Skills Development Providers. 330 $aThis proceedings volume contains selected papers from the 33rd International Association for Management of Technology (IAMOT) Conference, held from July 8-11, 2024, in Porto, Portugal. It is the second volume of a three-volume set of conference proceedings focused on technologies for a sustainable future. The book explores the challenges and opportunities in today's social and business landscapes, delving into innovative and disruptive concepts. With a special emphasis on the role of technologies, it sheds light on how they enable novel approaches to address current issues. The volume demonstrates that, following the principles of Industry 5.0, technologies can go far beyond productivity and economic gains, contributing to the benefit and comfort of human workers. It also elucidates the necessity of adopting a human-centered approach in utilizing technology to adapt production processes to workers' needs, while ensuring that the implementation of new technologies does not infringe upon the fundamental rights of workers. 410 0$aSpringer Proceedings in Business and Economics,$x2198-7254 606 $aTechnological innovations 606 $aSustainability 606 $aBusiness information services 606 $aInnovation and Technology Management 606 $aSustainability 606 $aIT in Business 615 0$aTechnological innovations. 615 0$aSustainability. 615 0$aBusiness information services. 615 14$aInnovation and Technology Management. 615 24$aSustainability. 615 24$aIT in Business. 676 $a658.4062 676 $a658.514 700 $aZimmermann$b Ricardo$01781251 701 $aRodrigues$b José Coelho$01781252 701 $aSimo?es$b Ana$067683 701 $aDalmarco$b Gustavo$01781253 801 0$bMiAaPQ 801 1$bMiAaPQ 801 2$bMiAaPQ 906 $aBOOK 912 $a9910919821503321 996 $aHuman-Centred Technology Management for a Sustainable Future$94306020 997 $aUNINA LEADER 02465nam 2200601 a 450 001 9910965012703321 005 20251117003056.0 010 $a9781742194066 010 $a1742194060 010 $a9781742190327 010 $a1742190324 035 $a(CKB)1000000000693117 035 $a(EBL)410423 035 $a(OCoLC)463007144 035 $a(SSID)ssj0000116432 035 $a(PQKBManifestationID)11131379 035 $a(PQKBTitleCode)TC0000116432 035 $a(PQKBWorkID)10036192 035 $a(PQKB)11422335 035 $a(Au-PeEL)EBL410423 035 $a(CaPaEBR)ebr10273676 035 $a(MiAaPQ)EBC410423 035 $a(Perlego)1566742 035 $a(EXLCZ)991000000000693117 100 $a20060812d2005 uy p 101 0 $aeng 135 $aur|n|---||||| 181 $ctxt$2rdacontent 182 $cc$2rdamedia 183 $acr$2rdacarrier 200 14$aThe butterfly effect /$fSusan Hawthorne 205 $a1st ed. 210 $aNorth Melbourne, Vic. $cSpinifex$d2005 215 $a1 online resource (258 p.) 300 $aDescription based upon print version of record. 311 08$a9781306102889 311 08$a130610288X 311 08$a9781876756567 311 08$a187675656X 320 $aIncludes bibliographical references (p. 235- 246). 327 $aBook Cover; Title; Copyright; Contents; Note to Sappho; The Butterfly Effect; Unstopped Mouths; Composition; Dialogues with Death; India Sutra; Fragilities; Bibliography; Films; Acknowledgements 330 $aThe flap of a butterfly's wing in one part of the world can cause devastating storms on the other side, just as the word ""lesbian""?a force full of vitality and world-changing creativity?can destroy families and bring down governments. Evoking the ancient worlds of pre-Vedic and Sapphic lovers, medieval jonglaresas, and nuns ""fingering petals and hips,"" as well as the contemporary world of circuses, global politics, friendship, betrayal, and death, the poems in this collection fold in on themselves, exploding into concentric rings of meaning, rich in symbol and metaphor. 606 $aPOETRY / Australian & Oceanian$2bisacsh 615 7$aPOETRY / Australian & Oceanian 676 $a821/.914 700 $aHawthorne$b Susan$f1951-$01634086 801 0$bMiAaPQ 801 1$bMiAaPQ 801 2$bMiAaPQ 906 $aBOOK 912 $a9910965012703321 996 $aThe butterfly effect$94365623 997 $aUNINA